ბათუმის შოთა რუსთაველის სახელმწიფო უნივერსიტეტის ბიბლიოთეკა

ტ.1: ლექსები. (ბიბ.ჩანაწერი № 41758)

000 -LEADER
fixed length control field 01136nam a2200229Ia 4500
001 - CONTROL NUMBER
control field 8439
003 - CONTROL NUMBER IDENTIFIER
control field GE_BSU
008 - FIXED-LENGTH DATA ELEMENTS--GENERAL INFORMATION
fixed length control field 181216s||||||||xx |||||||||||||| ||und||
040 ## - CATALOGING SOURCE
Transcribing agency GE_BSU
080 ## - UNIVERSAL DECIMAL CLASSIFICATION NUMBER
Universal Decimal Classification number 821.353.1-1
100 ## - MAIN ENTRY--PERSONAL NAME
Personal name ვაჟა-ფშაველა
245 ## - TITLE STATEMENT
Title ტ.1: ლექსები.
245 ## - TITLE STATEMENT
Statement of responsibility, etc. ალ.აბაშელისა და აკაკი შაინიძის რედაქციით; წინასიტყვ. ავტ.: გერონტი ქიქოძე.
260 ## - PUBLICATION, DISTRIBUTION, ETC.
Place of publication, distribution, etc. თბილისი.
260 ## - PUBLICATION, DISTRIBUTION, ETC.
Name of publisher, distributor, etc. საქ. სსრ. პოლიგრაფ. და გამომც. საქმეთა სამმართვ. ბეჭდვითი სიტყვის კომბინატი
260 ## - PUBLICATION, DISTRIBUTION, ETC.
Date of publication, distribution, etc. 1946
300 ## - PHYSICAL DESCRIPTION
Extent 396 გვ; 24 სმ.
300 ## - PHYSICAL DESCRIPTION
Other physical details პორტრ. და ავტოგრ.
300 ## - PHYSICAL DESCRIPTION
Accompanying material დანართი: შენიშვნები, დამატებანი, ვარიანტები, გვ: 325–354. ლექსიკონი, გვ: 357–390.
653 ## - INDEX TERM--UNCONTROLLED
Uncontrolled term ლექსები.
942 ## - ADDED ENTRY ELEMENTS (KOHA)
Koha item type წიგნი
ეგზემპლარები
Withdrawn status Lost status Damaged status Not for loan Date acquired Barcode Date last seen Price effective from Koha item type
        2018-12-17 30533 2018-12-17 2018-12-17 წიგნი
        2018-12-17 30534 2018-12-17 2018-12-17 წიგნი
        2018-12-17 30535 2018-12-17 2018-12-17 წიგნი
        2018-12-17 30536 2018-12-17 2018-12-17 წიგნი